• 首页
  • 本馆介绍
  • 公告通知
  • 最新文献
  • 馆藏检索
  • 电子资源
  • 读者导购
  • 参考咨询
  • 我的图书馆
  • 登录
  • 详细信息显示
  • 放入我的书架
  • 预约/预借图书
  • 作者相关作品
  • 分类相关作品
  • 丛书相关作品
  • 出版社相关作品

书目信息

  • 表格格式
  • 工作单格式
  • 卡片格式
题名:
成语故事
    
 
作者: ;“新课标·全悦读”丛书编委会 编
分册:  
出版信息: 西安   陕西师范大学出版总社有限公司  2017.5
页数: 194页
开本: 19cm
丛书名: “新课标·全悦读”丛书
单 册:
中图分类: H136.31-49
科图分类:
主题词: 汉语--成语--故事--青少年读物
电子资源:
ISBN: 978-7-5613-9068-9
000 01609oam2 2200241 450
001 5367
005 20180528200453.37
010    @a978-7-5613-9068-9@dCNY22.00
100    @a20170512d2017 em y0chiy0110 ea
101 0  @achi
102    @aCN@b610000
105    @ay z 000yy
200 1  @a成语故事@9cheng yu gu shi@f“新课标·全悦读”丛书编委会编
210    @a西安@c陕西师范大学出版总社有限公司@d2017.5
215    @a194页@d19cm
225 2  @a“新课标·全悦读”丛书
330    @a《成语故事》由主编李乡状、“新课标·全悦读”丛书编委会精心编写而成。本书在参照儿童课外阅读书目的基础上,精选了“拔苗助长”“草船借箭”等人们耳熟能详、脍炙人口的成语故事。该书注重知识性、可读性、趣味性与完整性,每则成语独立成篇,读起来很轻松。在具体编排上,本书将成语故事分为11大类,即智慧、技艺、品质、情感、神情仪态等,同时,在每一则成语故事之前设置有“成语释义”“成语出处”小栏目,帮助小读者了解和认识此成语本来的意义,并与现代意义加以区分,以更好地掌握成语的用法。另外,本书还在每一章的章末,设置“好词”“好句”“思考与练习”小栏目,“好词”“好句”帮助小读者回顾本章所讲述的一些精彩的成语故事,让大家在学习成语词汇的同时,加强自己语言的组合能力;“思考与练习”旨在引导小读者拓宽思维,养成勤于思考的习惯。另外,本书还特别在侧边栏增设“名师释疑”“名师指津”小板块,让读者在阅读此书的过程中,做到无障碍式阅读,体悟成语故事的中心思想精神。
461  0 @12001 @a“新课标·全悦读”丛书
606 0  @a汉语@x成语@x故事@x青少年读物
690    @aH136.31-49@v5
711 02 @a“新课标·全悦读”丛书编委会@9“ xin ke biao · quan yue du ” cong shu bian wei hui@4编
801  0 @aCN@b91CIP@c20170512
905    @aMuseLib@dH136.31-49@e352
    
    成语故事/“新课标·全悦读”丛书编委会编.-西安:陕西师范大学出版总社有限公司,2017.5
    194页;19cm.-(“新课标·全悦读”丛书)
    
    
    ISBN 978-7-5613-9068-9:CNY22.00
    《成语故事》由主编李乡状、“新课标·全悦读”丛书编委会精心编写而成。本书在参照儿童课外阅读书目的基础上,精选了“拔苗助长”“草船借箭”等人们耳熟能详、脍炙人口的成语故事。该书注重知识性、可读性、趣味性与完整性,每则成语独立成篇,读起来很轻松。在具体编排上,本书将成语故事分为11大类,即智慧、技艺、品质、情感、神情仪态等,同时,在每一则成语故事之前设置有“成语释义”“成语出处”小栏目,帮助小读者了解和认识此成语本来的意义,并与现代意义加以区分,以更好地掌握成语的用法。另外,本书还在每一章的章末,设置“好词”“好句”“思考与练习”小栏目,“好词”“好句”帮助小读者回顾本章所讲述的一些精彩的成语故事,让大家在学习成语词汇的同时,加强自己语言的组合能力;“思考与练习”旨在引导小读者拓宽思维,养成勤于思考的习惯。另外,本书还特别在侧边栏增设“名师释疑”“名师指津”小板块,让读者在阅读此书的过程中,做到无障碍式阅读,体悟成语故事的中心思想精神。
●
相关链接 在E读中查询图书 在五车中查询图书 在当当中查询图书 在豆瓣中查询图书


正题名:成语故事     索取号:H136.31-49/352         预约/预借

序号 登录号 条形码 馆藏地/架位号 状态 备注
1 1113007   211130079   第二样本阅览室/ [索取号:H136.31-49/352] 在馆    
2 1113008   211130088   教育系资料室/ [索取号:H136.31-49/352] 在馆    
3 1113009   211130097   教育系资料室/ [索取号:H136.31-49/352] 在馆    
4 1113010   211130104   第四借阅区/ [索取号:H136.31-49/352] 在馆    
唐山师范学院图书馆 欢迎您!
大连网信软件有限公司© 版权所有